[Event "AUS-ch U14"]
[Site "Mooroolbark"]
[Date "2011.01.22"]
[Round "7"]
[White "Huband Lint, Kees"]
[Black "Carolin Unkovich, George"]
[Result "1/2-1/2"]
[WhiteElo "1326"]
[BlackElo "1259"]
[PlyCount "30"]
[EventDate "2011.01.19"]
[EventType "swiss"]
[EventRounds "9"]
[EventCountry "AUS"]
[SourceTitle "EXT 2013"]
[Source "ChessBase"]
[SourceDate "2012.11.22"]
[SourceVersion "1"]
[SourceVersionDate "2012.11.22"]
[SourceQuality "1"]

1. d4 Nf6 2. c4 g6 3. Nc3 Bg7 4. e4 d6 5. Be2 0-0 6. Be3 Nbd7 7. h3 e5 8. d5 Nc5 9. Bxc5 dxc5 10. g4 Ne8 11. Bd3 Nd6 12. Nge2 Bh6 13. Rg1 Bd7 14. Qc2 Qe7 15. a4 a6 1/2-1/2

[Event "AUS-ch U14"]
[Site "Mooroolbark"]
[Date "2011.01.21"]
[Round "5"]
[White "Huband Lint, Kees"]
[Black "Ying, Jimmy"]
[Result "1-0"]
[WhiteElo "1326"]
[BlackElo "919"]
[PlyCount "89"]
[EventDate "2011.01.19"]
[EventType "swiss"]
[EventRounds "9"]
[EventCountry "AUS"]
[SourceTitle "EXT 2013"]
[Source "ChessBase"]
[SourceDate "2012.11.22"]
[SourceVersion "1"]
[SourceVersionDate "2012.11.22"]
[SourceQuality "1"]

1. d4 d5 2. c4 e6 3. cxd5 exd5 4. Nc3 Bf5 5. Nf3 c6 6. Bg5 Be7 7. Bxe7 Qxe7 8. e3 Nf6 9. Be2 Nbd7 10. 0-0 0-0 11. Qb3 Nb6 12. Rac1 Nc8 13. Nd2 Nd6 14. Bf3 Rfe8 15. h3 Qd7 16. Kh2 Qc7 17. Kg1 Nfe4 18. Ndxe4 Nxe4 19. Nxd5 Qd7 20. Bxe4 cxd5 21. Bxd5 Be6 22. Bxe6 Rxe6 23. f4 b6 24. Rf3 g6 25. Qc4 Qe7 26. Rc3 Rd8 27. Qc7 Rd7 28. Qc4 Kg7 29. a3 f5 30. Qd3 Re4 31. Qd2 Rd5 32. Qc2 Rd7 33. b4 Kh6 34. g4 Qh4 35. g5+ Kg7 36. Qf2 Qh5 37. b5 Kf8 38. a4 Kg7 39. Rc6 Kf8 40. Kg2 Kg7 41. Qb2 Kf8 42. Rc8+ Ke7 43. Qb4+ Ke6 44. Rc6+ Kf7 45. Rf6+ 1-0

[Event "AUS-ch Minor"]
[Site "Cammeray"]
[Date "2010.01.02"]
[Round "1"]
[White "Huband Lint, Kees"]
[Black "Stahnke, Axel"]
[Result "1-0"]
[WhiteElo "1014"]
[BlackElo "1400"]
[PlyCount "67"]
[EventDate "2010.01.02"]
[EventType "swiss"]
[EventRounds "11"]
[EventCountry "AUS"]
[SourceTitle "EXT 2011"]
[Source "ChessBase"]
[SourceDate "2010.11.26"]
[SourceVersion "1"]
[SourceVersionDate "2010.11.26"]
[SourceQuality "1"]

1. d4 Nf6 2. c4 g6 3. Nc3 Bg7 4. e4 d6 5. Bd3 0-0 6. Nge2 Nbd7 7. 0-0 c6 8. f4 e5 9. f5 exd4 10. Nxd4 Qb6 11. Nce2 Re8 12. fxg6 fxg6 13. Qc2 Ne5 14. Bg5 Nfg4 15. h3 Nxd3 16. Qxd3 Ne5 17. Qc2 Be6 18. b3 Nxc4 19. bxc4 Bxd4+ 20. Nxd4 Qxd4+ 21. Kh1 Qxc4 22. Qf2 Qxe4 23. Rae1 Qf5 24. Qh4 Qa5 25. Qf4 Bf5 26. Rd1 Qe5 27. Qh4 d5 28. Bf6 Qd6 29. Rxf5 Re6 30. Rf3 Rf8 31. Rdf1 Rfe8 32. Bc3 c5 33. Qh6 d4 34. Rf7 1-0